| 000 | 00412nam a2200193Ia 4500 | ||
|---|---|---|---|
| 999 |
_c3149 _d3149 |
||
| 003 | 0100 | ||
| 008 | 130227s9999 xx 000 0 und d | ||
| 040 | _cARRUPELIB | ||
| 050 | _aDG77.B34 | ||
| 100 |
_aBarrow, Reginald Haynes _943903 |
||
| 245 | 4 |
_aThe Romans _cREginald Haynes Barrow |
|
| 260 |
_aHarmondsworth _bPenguin Books _c1949 |
||
| 300 |
_a223p. ; _c18cm. |
||
| 650 |
_bRome _xCivilization _943904 |
||
| 942 |
_2lcc _cMONOGRAPH |
||